<?xml version="1.0" encoding="UTF-8"?>
<marc:record xmlns:marc="http://www.loc.gov/MARC21/slim">
   <marc:leader>00000nam a2200000 a 4500</marc:leader>
   <marc:datafield ind1="1" ind2=" " tag="100">
      <marc:subfield code="a">Heldt, Dora</marc:subfield>
      <marc:subfield code="4">aut</marc:subfield>
      <marc:subfield code="e">Verfasser/-in</marc:subfield>
   </marc:datafield>
   <marc:datafield ind1="0" ind2="0" tag="245">
      <marc:subfield code="a">Liebe oder Eierlikör</marc:subfield>
   </marc:datafield>
   <marc:datafield ind1="0" ind2="0" tag="245">
      <marc:subfield code="b">Fast eine Romanze</marc:subfield>
   </marc:datafield>
   <marc:datafield ind1="0" ind2="0" tag="245">
      <marc:subfield code="c">Dora Heldt</marc:subfield>
   </marc:datafield>
   <marc:datafield ind1=" " ind2="1" tag="264">
      <marc:subfield code="a">Stuttgart</marc:subfield>
      <marc:subfield code="b">Thienemann Verl.</marc:subfield>
      <marc:subfield code="c">2025</marc:subfield>
   </marc:datafield>
   <marc:datafield ind1=" " ind2=" " tag="250">
      <marc:subfield code="a">2.Aufl.</marc:subfield>
   </marc:datafield>
   <marc:datafield ind1="1" ind2=" " tag="520">
      <marc:subfield code="a">Früher war mehr Romantik ... Es ist Frühling auf Sylt und Ernst Mannsen versteht die Welt nicht mehr. Die sonst so verlässliche Hilke Petersen trägt plötzlich Lippenstift und hat keine Zeit, auf dem Frühlingsbasar Kuchen yu verkaufen. Hella und Gudrun reden von Frühlingsgefühlen und Liebeshormonen und dann taucht auch noch das Gerücht auf, dass das halbe Dorf sich bei einer Dating-App angemeldet hat. Und das, obwohl Ernst schon so viel über Betrüger im Netz gelesen hat. Bald ist er überzeugt, dass Hilkes Lippenstift nur der Anfang der Katastrophe ist ...</marc:subfield>
   </marc:datafield>
   <marc:datafield ind1=" " ind2=" " tag="020">
      <marc:subfield code="a">9783423254588</marc:subfield>
      <marc:subfield code="9">9783423254588</marc:subfield>
   </marc:datafield>
   <marc:datafield ind1=" " ind2=" " tag="020">
      <marc:subfield code="a">3423254580</marc:subfield>
      <marc:subfield code="9">3423254580</marc:subfield>
   </marc:datafield>
   <marc:datafield ind1=" " ind2=" " tag="300">
      <marc:subfield code="a">363 S.</marc:subfield>
   </marc:datafield>
</marc:record>
